Interpersonal attraction and behaviour (Record no. 379976)

000 -LEADER
fixed length control field 00398cam a22001337a 4500
008 - FIXED-LENGTH DATA ELEMENTS--GENERAL INFORMATION
fixed length control field 180718b1996 xxu||||| |||| 00| 0 eng d
082 ## - DEWEY DECIMAL CLASSIFICATION NUMBER
Classification number I513 R18
100 ## - MAIN ENTRY--PERSONAL NAME
Personal name Rao, M. Gangadhara
245 ## - TITLE STATEMENT
Title Interpersonal attraction and behaviour
Statement of responsibility, etc. by M. Gangadhara Rao and Surya P. Rao
260 ## - PUBLICATION, DISTRIBUTION, ETC.
Place of publication, distribution, etc. New Delhi
Name of publisher, distributor, etc. Kanishka
Date of publication, distribution, etc. 1996
300 ## - PHYSICAL DESCRIPTION
Extent 347p.
650 ## - SUBJECT ADDED ENTRY--TOPICAL TERM
Topical term or geographic name entry element Organizational behaviour
700 ## - ADDED ENTRY--PERSONAL NAME
Personal name Rao, Surya P.
Holdings
Withdrawn status Lost status Damaged status Not for loan Permanent Location Current Location Date acquired Full call number Barcode Date last seen Price effective from Koha item type
        Indian Institute of Public Administration Indian Institute of Public Administration 1996-08-01 I513 R18 71116 2018-07-21 2018-07-21 Book

Powered by Koha